Tracks on Albums #17: Metallica - Statistics

General Stats
  • This quiz has been taken 401 times
    383 since last reset
  • The average score is 10 of 12
Answer Stats
Track No. Answer % Correct
1 Enter Sandman
99%
8 Nothing Else Matters
93%
2 Sad but True
93%
4 The Unforgiven
90%
9 Of Wolf and Man
84%
5 Wherever I May Roam
81%
10 The God That Failed
76%
3 Holier Than Thou
75%
11 My Friend of Misery
72%
7 Through the Never
72%
6 Don't Tread on Me
70%
12 The Struggle Within
65%
No matching quizzes found
Score Distribution
Percent of People with Each Score
Percentile by Number Answered
Your Score History
You have not taken this quiz since the last reset